000 00643nam a2200181Ia 4500
008 151018s9999 xx 000 0 und d
082 _bRBASDV61768
_a891.433
100 _aविभा गुप्ता
245 _aपुत्र की प्रतीज्ञा
250 _b1
260 _b"जान्हवी प्रकाशन,दिल्ली "
_c2012
300 _a64
600 _aविभा गुप्ता
630 _aपुत्र की प्रतीज्ञा
700 _aविभा गुप्ता
730 _aपुत्र की प्रतीज्ञा
942 _cBOOK
999 _c1055017
_d1055014